000 01089cam a2200193 a 4500
999 _c6478
_d6478
020 _a0070306397
022 _a9780070306394
050 0 0 _aPE1417
_b.H69
100 1 _aHoy, Pat C.
245 1 0 _aEncounters :
_breadings and the world /
_cPat C. Hoy, II, Robert DiYanni.
260 _aNew York :
_bMcGraw-Hill Co.,
_c1997.
300 _axlix, 777 p. :
_bcol. ill., map ;
_c22 cm.
505 _aStudent writers at work - drafting and revising essays; "The Voice of the Looking Glass", Maile Meloy; finding a dog not lost in "Looking for a Lost Dog", Robynn Stacey Maines; a spectrum of student writing: familiar/exploratory essays; analytical argumentative essays; combination essays; a spectrum of professional writing: two professional writers; related student essays; student essays based on Kingston's "On Discovery"; student research essays based on the work of E.B. White; artworks.
650 0 _aCollege readers.
650 0 _aEnglish language
_xRhetoric
_xProblems, exercises, etc.
650 0 _aReport writing
_xProblems, exercises, etc.
700 1 _aDiYanni, Robert.
942 _cBK